书目信息 |
| 题名: |
人体寄生虫学
|
|
| 作者: | ;中山医学院 主编 | |
| 分册: | ||
| 出版信息: | 北京 人民卫生出版社 1979 |
|
| 页数: | 353页 | |
| 开本: | 26cm | |
| 丛书名: | ||
| 单 册: | ||
| 中图分类: | R38 | |
| 科图分类: | ||
| 主题词: | 寄生虫学--医学院校--教材 | |
| 电子资源: | ||
| ISBN: | ||
| 000 | 00696nam0 2200229 45 | |
| 001 | 0179008683 | |
| 005 | 20060815174718.88 | |
| 010 | @dCNY1.95 | |
| 091 | @a14048.3714 | |
| 100 | @a19950803d1979 em y0chiy0121 ea | |
| 101 | 0 | @achi |
| 102 | @aCN@b110000 | |
| 105 | @ay z 000yy | |
| 200 | 10 | @a人体寄生虫学@Aren ti ji sheng chong xue@f中山医学院主编@Fzhong shan yi xue yuan zhu bian |
| 210 | @a北京@c人民卫生出版社@d1979 | |
| 215 | @a353页@d26cm | |
| 300 | @a全国高等医药院校试用教材 供医学、儿科、口腔、卫生专业用 | |
| 606 | @a寄生虫学@x医学院校@x教材 | |
| 690 | @aR38@v3 | |
| 711 | 02 | @a中山医学院@Azhong shan yi xue yuan@4主编 |
| 801 | 0 | @aCN@bTSSF@c20060815 |
| 905 | @a10447@dR38@e109 | |
| 人体寄生虫学/中山医学院主编.-北京:人民卫生出版社,1979 |
| 353页;26cm |
| 全国高等医药院校试用教材 供医学、儿科、口腔、卫生专业用 |
| ISBN :CNY1.95 |
| ● |
| 相关链接 |
|
|
|
|
正题名:人体寄生虫学
索取号:R38/109
 
预约/预借
| 序号 | 登录号 | 条形码 | 馆藏地/架位号 | 状态 | 备注 |
| 1 | 0015664 | 202293482 | 密集书库/ [索取号:R38/109] | 在馆 | |
| 2 | 0458429 | 204584299 | 密集书库/ [索取号:R38/109] | 在馆 |